|
|
|
|
| LEADER |
00000cas a2200000 a 4500 |
| 001 |
vtls010663933 |
| 003 |
SK-MaSNL |
| 005 |
20260228161956.0 |
| 008 |
160430d20122018xo fr p 0 b0slo |
| 022 |
|
|
|a 1339-3863
|
| 040 |
|
|
|a SNK
|b slo
|c SNK
|e AACR2
|
| 041 |
|
|
|a slo
|
| 043 |
|
|
|a e-xo---
|
| 044 |
|
|
|a xo
|c SK
|
| 072 |
|
7 |
|a 316
|x Sociológia
|2 konspekt
|
| 072 |
|
7 |
|a 352/354
|x Stupne miestnej, oblastnej a ústrednej správy
|2 konspekt
|
| 080 |
|
|
|a 316.728
|2 2011
|
| 080 |
|
|
|a (437.612)
|2 2011
|
| 080 |
|
|
|a 050
|2 2011
|
| 080 |
|
|
|a 353.9
|2 2011
|
| 080 |
|
|
|a 316.72/.75-027.22
|2 2011
|
| 210 |
0 |
|
|a Pustoúľančan
|
| 222 |
|
0 |
|a Pustoúľančan
|
| 245 |
0 |
0 |
|a Pustoúľančan
|b časopis občanov obce Pusté Úľany
|
| 260 |
|
|
|a Pusté Úľany
|b Obec Pusté Úľany
|c 2012-2018
|
| 300 |
|
|
|a 7 zv.
|b fotogr.
|c 30 cm
|
| 310 |
|
|
|a 2x ročne
|
| 362 |
0 |
|
|a Roč. 1, č. 1 (jún 2012)-roč. 7, č. 2 (dec. 2018)
|
| 500 |
|
|
|a Evidenčné číslo: EV 4636/12
|
| 650 |
0 |
7 |
|a spoločenský život
|2 SNKPH
|9 28654
|
| 650 |
0 |
7 |
|a kultúrny život
|2 SNKPH
|9 3182
|
| 650 |
0 |
7 |
|a územná samospráva
|2 SNKPH
|9 802
|
| 651 |
|
7 |
|a Pusté Úľany (Slovensko)
|2 SNKPHgeo
|9 17074
|
| 655 |
|
7 |
|a miestne periodiká
|2 SNKPH
|9 160938
|
| 710 |
2 |
|
|a Pusté Úľany (Slovensko).
|b Obecný úrad
|4 pbl
|9 219622
|
| 910 |
|
|
|a snk
|
| 916 |
|
|
|a 2012-2014, 2015, 2016-2018
|
| 999 |
|
|
|c 6307
|d 8237
|
| 952 |
|
|
|0 0
|1 0
|4 0
|7 0
|8 0
|a SNK
|b SNK
|d 2022-02-23
|f 1
|i snk2022/2701
|l 0
|o snkČSB 5391/7/2018
|p 17A1462152
|r 2026-02-21 21:39:52
|t č. 1-2
|w 2026-02-21
|y PREZ
|z Na internetovej stránke označené ako dvojčíslo, na dokumente označené č. 2/december
|
| 952 |
|
|
|0 0
|1 0
|4 0
|7 0
|8 0
|a SNK
|b SNK
|d 2016-01-25
|f 1
|i snk2016/1782
|l 0
|o snkČSB 5391/1/2012
|p 17A1097989
|r 2026-02-21 21:53:38
|t č. 1-2
|w 2026-02-21
|y PREZ
|
| 952 |
|
|
|0 0
|1 0
|4 0
|7 0
|8 0
|a SNK
|b SNK
|d 2016-01-25
|f 1
|i snk2016/1783
|l 0
|o snkČSB 5391/2/2013
|p 17A1097990
|r 2026-02-21 21:53:38
|t č. 1-2
|w 2026-02-21
|y PREZ
|
| 952 |
|
|
|0 0
|1 0
|4 0
|7 0
|8 0
|a SNK
|b SNK
|d 2016-01-25
|f 1
|i snk2016/1784
|l 0
|o snkČSB 5391/3/2014
|p 17A1097991
|r 2026-02-21 21:53:38
|t č. 1-2
|w 2026-02-21
|y PREZ
|
| 952 |
|
|
|0 0
|1 0
|4 0
|7 0
|8 0
|a SNK
|b SNK
|d 2016-02-22
|f 1
|i snk2016/4928
|l 0
|o snkČSB 5391/4/2015
|p 17A1098443
|r 2026-02-21 22:02:42
|t č. 1-2
|w 2026-02-21
|y PREZ
|
| 952 |
|
|
|0 0
|1 0
|4 0
|7 0
|8 0
|a SNK
|b SNK
|d 2019-01-23
|f 1
|i snk2019/1945
|l 0
|o snkČSB 5391/5/2016
|p 17A1342474
|r 2026-02-21 22:20:20
|t č. 1-2
|w 2026-02-21
|y PREZ
|
| 952 |
|
|
|0 0
|1 0
|4 0
|7 0
|8 0
|a SNK
|b SNK
|d 2019-01-23
|f 1
|i snk2019/1946
|l 0
|o snkČSB 5391/6/2017
|p 17A1342473
|r 2026-02-21 22:20:20
|t č. 1-2
|w 2026-02-21
|y PREZ
|